| 000 | 00667nam a22002057a 4500 | ||
|---|---|---|---|
| 999 |
_c261937 _d261936 |
||
| 003 | OSt | ||
| 005 | 20231128115505.0 | ||
| 008 | 231128b xxu||||| |||| 00| 0 eng d | ||
| 010 | _a2008038797 | ||
| 020 | _a9780135016688 (pbk.) | ||
| 020 | _a 0135016681 (pbk.) | ||
| 040 |
_aDLC _cDLC _dDLC |
||
| 050 |
_aLB1051 _b .E463 2010 |
||
| 100 |
_a Eggen, Paul D., _d 1940- |
||
| 245 |
_aEducational psychology : _bWindows on classrooms / _cPaul Eggen, Don Kauchak. |
||
| 250 | _a8th Edn. | ||
| 260 |
_a Upper Saddle River, NJ, 2009 : _b Pearson/Merrill/Prentice Hall, _c 2009, c2010. |
||
| 300 |
_a1 v. (various pagings) : _bcol. ill. ; _c28 cm. |
||
| 942 |
_2lcc _cBK |
||